European Capitals - Sudden death - Statistics

General Stats
  • This quiz has been taken 52 times
  • The average score is 13 of 18
Answers on the Grid
Answers color-coded by a green-red scale on the quiz's grid according to % correct below.
Paris
Bern
Milan
Hamburg
Rome
Tirana
Porto
Warsaw
Zurich
Rotterdam
Brussels
Barcelona
Copenhagen
Venice
Tallin
Athens
Sicily
Budapest
Antwerp
Stockholm
Pristina
Manchester
Bratislava
Moscow
Riga
Ljubljana
St. Petersberg
Vienna
Frankfurt
Prague
 
Answer Stats
Answer % Correct
Paris
97%
Rome
95%
Copenhagen
84%
Bern
81%
Warsaw
81%
Athens
76%
Brussels
76%
Stockholm
76%
Tirana
76%
Budapest
70%
Tallin
70%
Ljubljana
68%
Moscow
68%
Prague
68%
Vienna
68%
Riga
65%
Bratislava
62%
Pristina
57%
No matching quizzes found
Score Distribution
Percent of People with Each Score
Percentile by Number Answered
Your Score History
You have not taken this quiz